Las cien mejores obras de la pintura española
Wedi'i Gadw mewn:
| Prif Awdur: | |
|---|---|
| Fformat: | Llyfr |
| Iaith: | Sbaeneg |
| Cyhoeddwyd: |
Barcelona
Selectas
1940
|
| Pynciau: | |
| Tagiau: |
Ychwanegu Tag
Dim Tagiau, Byddwch y cyntaf i dagio'r cofnod hwn!
|
MARC
| LEADER | 00000nam a2200000 a 4500 | ||
|---|---|---|---|
| 001 | UCY8690 | ||
| 003 | CL-VaPUC | ||
| 008 | 950707e19400000SP |||||||||||||||||spa|d | ||
| 082 | 0 | 4 | |a 759.46 |b SAN |2 21 |
| 100 | 0 | |a Santa Marina, José María |e author |9 340326 | |
| 245 | 1 | 4 | |a Las cien mejores obras de la pintura española |
| 300 | |a 268 p | ||
| 942 | |c BK | ||
| 945 | |d 19950707 00:00:00 |a rbrito | ||
| 260 | |a Barcelona |b Selectas |c 1940 | ||
| 650 | 0 | |a Pintura española |9 315217 | |
| 650 | 0 | |a Pintores españoles |9 315216 | |
| 650 | 0 | |a Historia |9 255047 | |
| 583 | |a last modification |c 19950707 00:00:00 |k Rodrigo Vera | ||
| 999 | |c 235911 |d 235909 | ||
| 952 | |0 0 |1 0 |4 0 |6 759_460000000000000_SAN_1940 |7 0 |8 X |9 243647 |a BIBHIS |b BIBHIS |d 2019-11-18 |i 3099148 |o 759.46 SAN 1940 |p 3099148 |r 2024-01-30 |w 2019-11-18 |y BK_X |k HIS | ||